| 000 | 00365nam a22001457a 4500 | ||
|---|---|---|---|
| 005 | 20250602110815.0 | ||
| 008 | 250602b |||||||| |||| 00| 0 eng d | ||
| 020 | _a0883681358 | ||
| 050 |
_aBV4815 _bMUR |
||
| 100 | _aMURRAY ANDREW | ||
| 245 | _aHOW TO BRING YOUR CHILDREN TO CHRIST | ||
| 260 |
_aUSA _bWHITAKER HOUSE _cc1984 |
||
| 300 | _a312p | ||
| 942 |
_2lcc _cBK _n0 |
||
| 999 |
_c6124 _d6124 |
||